Bank-Archiv: Zeitschrift für das gesamte Bank- und Börsenwesen : journal of banking and financial research
| Körperschaft: | |
|---|---|
| Medienart: | Druck Zeitschrift |
| Sprache: | Deutsch |
| Veröffentlicht: |
Wien
Bank-Verlag
1988-
Wien Manz 1988-1989 Wien Orac -2002 Wien New York, NY Springer -2012,3 Wien Linde-Verl. früher |
| In: | Jahr: 1988 |
| Verfügbarkeit prüfen: | HBZ Gateway |
| Subito Bestelldienst: | Jetzt bestellen. |
| Bände / Aufsätze: | Bände / Aufsätze anzeigen. |
| Schlagwörter: |
MARC
| LEADER | 00000cas a2200000 c 4500 | ||
|---|---|---|---|
| 001 | 13043065X | ||
| 003 | DE-627 | ||
| 005 | 20260207115321.0 | ||
| 007 | tu | ||
| 008 | 931116c19889999au m| p| 0 |0ger c | ||
| 015 | |a 90,A34,0351 |2 dnb | ||
| 016 | 7 | |a 013697455 |2 DE-101 | |
| 016 | 7 | |a 635985-1 |2 DE-600 | |
| 022 | |a 1015-1516 | ||
| 024 | 7 | |a 98200125 |2 swets | |
| 035 | |a (DE-627)13043065X | ||
| 035 | |a (DE-603)047959169 | ||
| 035 | |a (DE-576)015928608 | ||
| 035 | |a (DE-599)ZDB635985-1 | ||
| 035 | |a (OCoLC)224553101 | ||
| 035 | |a (DE-615)00252733 | ||
| 040 | |a DE-627 |b ger |c DE-627 |e rakwb | ||
| 041 | |a ger | ||
| 044 | |c XA-AT | ||
| 082 | 0 | 4 | |a 330 |q DE-600 |
| 084 | |a 17 |a 19 |a 330 |a 380 |a 650 |a 670 |2 sdnb | ||
| 084 | |a 3,2 |2 ssgn | ||
| 084 | |a PU 2100 |2 rvk |0 (DE-625)rvk/139934: | ||
| 084 | |a 83.70 |2 bkl | ||
| 245 | 0 | 0 | |a Bank-Archiv |b Zeitschrift für das gesamte Bank- und Börsenwesen : journal of banking and financial research |c hrsg. von der Österreichischen Bankwissenschaftlichen Gesellschaft |
| 246 | 1 | |i Nebent. |a ÖBA | |
| 264 | 3 | 1 | |a Wien |b Bank-Verlag |c 1988- |
| 264 | 1 | |a Wien |b Manz |c 1988-1989 | |
| 264 | 2 | 1 | |a Wien |b Orac |c -2002 |
| 264 | 2 | 1 | |a Wien |a New York, NY |b Springer |c -2012,3 |
| 264 | 2 | 1 | |a Wien |b Linde-Verl. |c früher |
| 300 | |c 30 cm | ||
| 336 | |a Text |b txt |2 rdacontent | ||
| 337 | |a ohne Hilfsmittel zu benutzen |b n |2 rdamedia | ||
| 338 | |a Band |b nc |2 rdacarrier | ||
| 362 | 0 | |a 36.1988 - | |
| 363 | 0 | 1 | |a 36 |i 1988 |
| 365 | |b EUR 145.00 (jährl.) | ||
| 515 | |a Ersch. monatl. | ||
| 650 | 7 | |8 1.1\x |a Bank |0 (DE-627)091349354 |0 (DE-2867)13283-4 |2 stw | |
| 650 | 7 | |8 1.2\x |a Bankenregulierung |0 (DE-627)091349443 |0 (DE-2867)18707-3 |2 stw | |
| 650 | 7 | |8 1.3\x |a Finanzsystem |0 (DE-627)091349478 |0 (DE-2867)13690-5 |2 stw | |
| 650 | 7 | |8 1.4\x |a Österreich |0 (DE-627)091381975 |0 (DE-2867)16950-4 |2 stw | |
| 655 | 7 | |a Zeitschrift |0 (DE-588)4067488-5 |0 (DE-627)10454466X |0 (DE-576)20917000X |2 gnd-content | |
| 689 | 0 | 0 | |d g |0 (DE-588)4043271-3 |0 (DE-627)10420317X |0 (DE-576)209054964 |a Österreich |2 gnd |
| 689 | 0 | 1 | |d s |0 (DE-588)4032950-1 |0 (DE-627)104483865 |0 (DE-576)208999442 |a Kreditwesen |2 gnd |
| 689 | 0 | |5 DE-101 | |
| 689 | 1 | 0 | |d s |0 (DE-588)4004436-1 |0 (DE-627)106385917 |0 (DE-576)208855866 |a Bank |2 gnd |
| 689 | 1 | |5 DE-101 | |
| 689 | 2 | 0 | |d s |0 (DE-588)4032950-1 |0 (DE-627)104483865 |0 (DE-576)208999442 |a Kreditwesen |2 gnd |
| 689 | 2 | 1 | |d s |0 (DE-588)4067488-5 |0 (DE-627)10454466X |0 (DE-576)20917000X |a Zeitschrift |2 gnd |
| 689 | 2 | |5 DE-101 | |
| 689 | 3 | 0 | |d g |0 (DE-588)4043271-3 |0 (DE-627)10420317X |0 (DE-576)209054964 |a Österreich |2 gnd |
| 689 | 3 | 1 | |d s |0 (DE-588)4032950-1 |0 (DE-627)104483865 |0 (DE-576)208999442 |a Kreditwesen |2 gnd |
| 689 | 3 | 2 | |d s |0 (DE-588)4007502-3 |0 (DE-627)106373129 |0 (DE-576)208870725 |a Börse |2 gnd |
| 689 | 3 | |5 DE-101 | |
| 710 | 2 | |a Österreichische Bankwissenschaftliche Gesellschaft |e Herausgebendes Organ |0 (DE-588)2020771-2 |0 (DE-627)102043248 |0 (DE-576)191739766 |4 isb | |
| 889 | |w (DE-576)385420099 | ||
| 936 | r | v | |a PU 2100 |b Zeitschriften und Entscheidungssammlungen |k Rechtswissenschaft |k Ausländisches Privatrecht, Privatrechtsvergleichung und -vereinheitlichung |k Einzelne Länder |k Österreich |k Zeitschriften und Entscheidungssammlungen |0 (DE-627)127534822X |0 (DE-625)rvk/139934: |0 (DE-576)20534822X |
| 936 | b | k | |a 83.70 |j Banken |j Versicherungen |0 (DE-627)106414984 |
| 936 | s | n | |a p100 |2 mzub |
| 936 | s | n | |a q100 |2 mzub |
| 938 | 1 | 0 | |0 (DE-627)1756149089 |0 (DE-615)6603616 |a Österreich |2 fivt |
| 938 | 1 | 0 | |0 (DE-627)1756192804 |0 (DE-615)6609267 |a Kreditwirtschaft |2 fivt |
| 938 | 1 | 0 | |0 (DE-627)1756201560 |0 (DE-615)6601481 |a Bank |2 fivt |
| 938 | 1 | 0 | |0 (DE-627)1756196389 |0 (DE-615)6602146 |a Zeitschrift |2 fivt |
| 938 | 1 | 0 | |0 (DE-627)1756142173 |0 (DE-615)6603917 |a Börse |2 fivt |
| 951 | |a JT | ||
| ELC | |b 1 | ||
| ORI | |a SA-MARC-krimdokb001.raw | ||
| SPR | |a 1 |t KRI | ||
| TIM | |a 000000000000_100018671231 |b - 1867 | ||
